000 00349nam a22001457a 4500
003 OSt
005 20220216152822.0
008 220216b |||||||| |||| 00| 0 eng d
020 _a8120316266
040 _cH U
082 _a629.831
100 _aGhosh A. K.
_930717
245 _aIntroduction To Instrumentation And Control
942 _2ddc
_cBOOKS
_n0
999 _c30634
_d30634